01081nam a2200301Ia 450000500170000000800410001702000190005808200160007724500930009325000190018630000510020549000380025665000620029465000440035670000280040070000320042870000330046070000370049370000260053070000420055694200120059826400310061033600270064133700330066833800280070104000350072999900150076420220317001114.0160825s1995 ck a g 000 0 spa  a9789582002401204a374.1 bO7313aLa organización local de la educación de adultoscPaolo Federighi ... [y otros seis] a1a. edición  a239 páginas bilustraciones, tablas c21 cm  aBiblioteca educación de adultos142LEMB aEducación de adultos xLegislación zEspaña 142LEMB aPolítica educativa zEspaña 1 aFederighi, Paola9661531 aObrador Soler, Jaume9661541 aPons Munar, Francisca9661551 aAlcázar Franco. Maribel9661561 aCirri, Doriano9661571 aGil Rovira, Manueletraductor 966158 2ddccBK aBogotábMagisterioc1995 atextobtxt2rdacontent asin mediaciónbn2rdamedia avolumenbnc2rdacarrier aCO-BoRNBPbspaerdacCO-BoRNBP c5940d5940